000
00261nam a2200109 4500
008
160702b xxu||||| |||| 00| 0 eng d
100
_9
1861
_a
Vas, G
245
_a
Word Perfect
260
_a
New Delhi
_b
Sterling
_c
1999
300
_a
Word Perfect
942
_2
ddc
_c
BK
999
_c
1563
_d
1563